La leyenda de las tierras raras / (Registro nro. 6804)

Detalles MARC
000 -LEADER
fixed length control field 01086nam a22002657a 4500
003 - CONTROL NUMBER IDENTIFIER
control field OSt
005 - DATE AND TIME OF LATEST TRANSACTION
control field 20200828155448.0
008 - FIXED-LENGTH DATA ELEMENTS--GENERAL INFORMATION
fixed length control field 200828s2018 ck ||||gr|||| 00| 0dspa d
020 ## - INTERNATIONAL STANDARD BOOK NUMBER
International Standard Book Number 9789587274915
040 ## - CATALOGING SOURCE
Original cataloging agency CO-JMCR
Transcribing agency CO-JMCR
041 0# - LANGUAGE CODE
Language code of text/sound track or separate title spa
082 04 - DEWEY DECIMAL CLASSIFICATION NUMBER
Classification number N /
Item number FOLl
Edition number 23
100 1# - MAIN ENTRY--PERSONAL NAME
Personal name Folagor
Relator term autor
9 (RLIN) 702
245 13 - TITLE STATEMENT
Title La leyenda de las tierras raras /
Statement of responsibility, etc. Folagor
250 ## - EDITION STATEMENT
Edition statement Primera edición
260 ## - PUBLICATION, DISTRIBUTION, ETC.
Place of publication, distribution, etc. Bogotá :
Name of publisher, distributor, etc. Editorial planeta,
Date of publication, distribution, etc. 2018.
300 ## - PHYSICAL DESCRIPTION
Extent 219 páginas ;
Dimensions 23 cm.
490 0# - SERIES STATEMENT
Series statement Colección ; 4You2
500 ## - GENERAL NOTE
General note Datos biográficos del autor en tapa posterior.
520 0# - SUMMARY, ETC.
Summary, etc. Al alcanzar la adolescencia, los jóvenes del Oeste, cuyos habitantes viven en armonía con la naturaleza y gozan de una sociedad justa e igualitaria, experimentan un extraordinario cambio: el nacimiento de su propia mitad, un animal que se convertirá en una especie de tótem y con el que establecerá una relación muy especial.
650 24 - SUBJECT ADDED ENTRY--TOPICAL TERM
Source of heading or term Novela
Geographic subdivision España
9 (RLIN) 9468
650 24 - SUBJECT ADDED ENTRY--TOPICAL TERM
Source of heading or term Adolescencia en la literatura
650 24 - SUBJECT ADDED ENTRY--TOPICAL TERM
Source of heading or term Literatura juvenil
942 ## - ADDED ENTRY ELEMENTS (KOHA)
Source of classification or shelving scheme Dewey Decimal Classification
Koha item type Books

No hay ítems disponibles.